000 01674cam a22004694i 4500
003 PE-LiUPU
005 20250731184510.0
008 160811s r 000 0 spa d
020 _a8416381755
020 _a9788416381753
035 _a(Sirsi) a162915
040 _aPE-LiUPU
_bspa
_cPE-LiUPU
_erda
082 0 4 _a910
_bCB
_220
100 1 _aBartolazzi Alberto,
_eautor.
245 1 3 _aLa tierra/
_cAlberto Bartolazzi.
264 _aBarcelona España
_bValeria manferto de fabianis.
300 _a503 páginas :
_bilustaciones :
_c16 centimetros
336 _atext
_2rdacontent
337 _aunmediated
_2rdamedia
338 _avolume
_2rdacarrier
504 _aBibliografía : página 498.
504 _aÍndices : página 498.
505 0 _aLos pilares del cielo -- Elgran azul -- El planeta silencioso -- Las raíces del mundo -- El sentido del agua -- Los espejos del cielo -- Los dioses del fuego -- El reino del hielo -- Un mundo de piedra -- La franja central -- Confines invisibles -- Suaves perfiles -- Entre el agua y la tierra -- El planeta del arco iris.
526 _aP136
526 _aP135
526 _aP134
526 _aP133
526 _aP144
526 _aP143
526 _aP87
526 _aP35
526 _aP20
526 _aP14
526 _aP10
526 _aP06
650 0 4 _aTierra (Planeta).
910 _ajck
_bjos
_cjck
_d20160811
596 _a1
942 _2ddc
_cBOOK
999 _a910 CB
_wDEWEY
_c11842
_i74398
_f2021-11-9
_g5
_lCCODEBUL1
_mBUL
_r0
_sY
_tBOOK
_u2016-8-11
_xEDUCACION
_PP20
_0COMPRA
_o.STAFF. Colección General
_d11842
980 _81
_gALBERTO SANCHEZ Responsable de Automatización